[Event "Quebec-ch classe"]
[Site "Repentigny CAN"]
[Date "2003.11.23"]
[Round "5"]
[White "Papineau (Granby), Daniel"]
[Black "Lacroix, Serge"]
[Result "1-0"]
[WhiteElo "2035"]
[BlackElo "2165"]
[PlyCount "100"]
[EventDate "2003.11.21"]
[EventType "swiss"]
[EventRounds "5"]
[EventCountry "CAN"]

1. d4 Nf6 2. c4 e6 3. Nc3 Bb4 4. f3 O-O 5. e4 d5 6. e5 Nfd7 7. a3 Bxc3+ 8. bxc3
dxc4 9. Bxc4 Nxe5 10. Be2 Ng6 11. f4 c5 12. Nf3 Qc7 13. g3 Rd8 14. O-O Nc6 15.
Be3 Nge7 16. Qc2 cxd4 17. cxd4 Nd5 18. Bf2 h6 19. Rac1 Bd7 20. Bd3 Rac8 21. Qe2
Qd6 22. Ne5 Nf6 23. Rcd1 Ne7 24. g4 Ned5 25. Qf3 Ba4 26. Rd2 Rc7 27. g5 Rdc8
28. gxf6 Nxf6 29. h3 Rc1 30. Rxc1 Rxc1+ 31. Kh2 Bc6 32. Nxc6 bxc6 33. Rc2 Rxc2
34. Bxc2 Nd5 35. Bg3 Qd8 36. Qe4 g6 37. Qd3 Qa5 38. Bd1 h5 39. Bf3 h4 40. Bxh4
Nxf4 41. Qe3 Nd5 42. Qc1 Qa6 43. Qb2 Qf1 44. Bg2 Qd3 45. Bg3 Kh7 46. Be5 f6 47.
Bd6 g5 48. Qb7+ Kg6 49. Qc8 Kf5 50. Qh8 Nf4 1-0

[Event "Lanaudiere op"]
[Site "Repentigny CAN"]
[Date "2003.10.17"]
[Round "1"]
[White "Lacroix, Serge"]
[Black "Hua, Lefong"]
[Result "0-1"]
[WhiteElo "2054"]
[BlackElo "2338"]
[PlyCount "63"]
[EventDate "2003.10.17"]
[EventType "swiss"]
[EventRounds "5"]
[EventCountry "CAN"]

1. e4 c5 2. Nf3 e6 3. d4 cxd4 4. Nxd4 a6 5. Nc3 Qc7 6. Bd3 Nf6 7. O-O b5 8. a3
Bb7 9. Be3 Bc5 10. Qe2 Qb6 11. Nb3 Bxe3 12. Qxe3 Qxe3 13. fxe3 Nc6 14. Nd4 Ke7
15. h3 d6 16. Rf2 Ne5 17. Nf3 Nfd7 18. Raf1 f6 19. Ne2 Rac8 20. Nf4 Nc5 21. Nd4
Bxe4 22. Be2 Bd5 23. Bf3 Bxf3 24. gxf3 g5 25. Nfe2 Nc4 26. b4 Na4 27. e4 Nxa3
28. f4 g4 29. hxg4 Nxc2 30. e5 Ne3 31. exf6+ Kxf6 32. Re1 0-1

[Event "Lanaudiere op"]
[Site "Repentigny CAN"]
[Date "2003.10.18"]
[Round "2"]
[White "Lacroix, Serge"]
[Black "Trottier, Yves"]
[Result "1/2-1/2"]
[WhiteElo "2054"]
[BlackElo "2062"]
[PlyCount "66"]
[EventDate "2003.10.17"]
[EventType "swiss"]
[EventRounds "5"]
[EventCountry "CAN"]

1. e4 e5 2. Nf3 Nc6 3. Nc3 Nf6 4. d4 exd4 5. Nxd4 Bb4 6. Nxc6 bxc6 7. Bd3 d5 8.
exd5 cxd5 9. O-O c6 10. Bg5 Be7 11. Qf3 O-O 12. Rae1 Be6 13. h3 Rb8 14. Nd1 h6
15. Bh4 Rb4 16. Bxf6 Bxf6 17. Re2 Qb8 18. Rfe1 Qf4 19. Qxf4 Rxf4 20. c3 Ra4 21.
Bb1 Rb8 22. b3 Ra3 23. Ne3 c5 24. Nxd5 Bg5 25. c4 Kf8 26. Nc7 Bd7 27. Bf5 Bc6
28. Be4 Bd7 29. Bf5 Bc6 30. Nb5 Ra5 31. Nd6 Rd8 32. Ne4 Be7 33. Nc3 Bf6 1/2-1/2

[Event "Lanaudiere op"]
[Site "Repentigny CAN"]
[Date "2003.10.19"]
[Round "5"]
[White "Poirier, Erik"]
[Black "Lacroix, Serge"]
[Result "1/2-1/2"]
[WhiteElo "2054"]
[BlackElo "1969"]
[PlyCount "48"]
[EventDate "2003.10.17"]
[EventType "swiss"]
[EventRounds "5"]
[EventCountry "CAN"]

1. d4 Nf6 2. c4 e6 3. Nc3 d5 4. cxd5 exd5 5. Bg5 Be7 6. e3 O-O 7. Bd3 c6 8.
Nge2 Nbd7 9. O-O Re8 10. f3 Ne4 11. Bxe7 Nxc3 12. Bxh7+ Kh8 13. Bxd8 Nxd1 14.
Raxd1 Kxh7 15. Bh4 Rxe3 16. Rfe1 Nf8 17. Kf2 Re8 18. Nf4 Rxe1 19. Rxe1 Ne6 20.
Nxe6 Bxe6 21. g4 Re8 22. f4 Bd7 23. Rxe8 Bxe8 24. Kf3 Bd7 1/2-1/2

[Event "Le Bolduc II - B"]
[Site "Montreal CAN"]
[Date "2003.09.22"]
[Round "1"]
[White "Arsenault, Nicolas"]
[Black "Lacroix, Serge"]
[Result "0-1"]
[WhiteElo "2070"]
[BlackElo "2057"]
[PlyCount "102"]
[EventDate "2003.09.22"]
[EventType "tourn"]
[EventRounds "11"]
[EventCountry "CAN"]

1. e4 e5 2. Nf3 Nc6 3. Bb5 a6 4. Ba4 Nf6 5. O-O Be7 6. Re1 b5 7. Bb3 d6 8. c3
O-O 9. h3 Na5 10. Bc2 c5 11. d4 Qc7 12. Nbd2 Re8 13. a4 Bd7 14. axb5 axb5 15.
Nf1 cxd4 16. cxd4 Rec8 17. Bd3 Nc4 18. Rb1 Ra2 19. Ne3 g6 20. Qb3 Raa8 21. Qd1
Ra2 22. Nc2 Rca8 23. b3 Nb6 24. Bb2 exd4 25. Nfxd4 Qc5 26. Qd2 Nh5 27. g4 Bg5
28. Qb4 Nf4 29. Bf1 h5 30. Qxc5 dxc5 31. Nf3 Be7 32. Ne3 hxg4 33. Nxg4 Bxg4 34.
hxg4 b4 35. Nd2 Rd8 36. Nc4 Nxc4 37. Bxc4 Rd2 38. Be5 Nh3+ 39. Kg2 Nxf2 40. Kf3
Nh3 41. Bg3 Ng5+ 42. Ke3 Rg2 43. Rg1 Rgc2 44. Be5 Ne6 45. Rh1 Bg5+ 46. Kf3 Rf2+
47. Kg3 Rg2+ 48. Kh3 Nf4+ 49. Bxf4 Bxf4 50. g5 Rg3+ 51. Kh4 Rag2 0-1

[Event "Le Bolduc II - B"]
[Site "Montreal CAN"]
[Date "2003.09.24"]
[Round "2"]
[White "Lacroix, Serge"]
[Black "Cazelais, Marc"]
[Result "0-1"]
[WhiteElo "2057"]
[BlackElo "2192"]
[PlyCount "62"]
[EventDate "2003.09.22"]
[EventType "tourn"]
[EventRounds "11"]
[EventCountry "CAN"]

1. e4 c5 2. Nf3 Nc6 3. d4 cxd4 4. Nxd4 Nf6 5. Nc3 e5 6. Ndb5 d6 7. Bg5 a6 8.
Na3 b5 9. Bxf6 gxf6 10. Nd5 Bg7 11. Qh5 Ne7 12. Rd1 Nxd5 13. exd5 f5 14. Be2 e4
15. c3 b4 16. cxb4 Bxb2 17. Nc4 Bc3+ 18. Kf1 Rg8 19. a3 Rb8 20. Rc1 Bd4 21. Bd1
Qf6 22. Ba4+ Kf8 23. Na5 f4 24. Qe2 Rxg2 25. Qxe4 Rxf2+ 26. Ke1 Bf5 27. Nc6
Bxe4 28. Nxb8 Qh4 29. Rc8+ Kg7 30. Rf1 Rxf1+ 31. Kxf1 Qf2# 0-1

[Event "Le Bolduc II - B"]
[Site "Montreal CAN"]
[Date "2003.09.29"]
[Round "3"]
[White "Rousseau, Daniel"]
[Black "Lacroix, Serge"]
[Result "0-1"]
[WhiteElo "2074"]
[BlackElo "2057"]
[PlyCount "126"]
[EventDate "2003.09.22"]
[EventType "tourn"]
[EventRounds "11"]
[EventCountry "CAN"]

1. e4 e5 2. Nf3 Nc6 3. Bb5 a6 4. Ba4 Nf6 5. O-O Be7 6. Re1 b5 7. Bb3 d6 8. c3
O-O 9. h3 Nd7 10. d4 Nb6 11. Nbd2 Bf6 12. d5 Na5 13. Bc2 c6 14. dxc6 Qc7 15.
Nf1 Nxc6 16. Ne3 g6 17. Bb3 Ne7 18. Ng4 Bxg4 19. hxg4 a5 20. Bh6 Bg7 21. Bxg7
Kxg7 22. g5 a4 23. Bc2 f5 24. Qe2 Nc4 25. Bd3 Rac8 26. Rac1 Qc5 27. b3 fxe4 28.
Bxe4 axb3 29. axb3 Nb6 30. b4 Qc4 31. Bd3 Qg4 32. Bxb5 Nbd5 33. Nd4 Qxe2 34.
Nxe2 Rc7 35. Bd3 Ra8 36. Be4 Ra3 37. Red1 Nxc3 38. Nxc3 Raxc3 39. Rxc3 Rxc3 40.
b5 Rb3 41. Bc6 d5 42. Ra1 Nxc6 43. bxc6 Kf7 44. Ra7+ Ke6 45. g4 d4 46. Rxh7 d3
47. Rd7 e4 48. Rd8 Rc3 49. Kg2 Rxc6 50. f4 exf3+ 51. Kxf3 Rd6 52. Re8+ Kd5 53.
Rf8 Re6 54. Rd8+ Kc4 55. Rc8+ Kd4 56. Rd8+ Kc3 57. Rc8+ Kb3 58. Rb8+ Kc2 59.
Rc8+ Kd1 60. Ra8 d2 61. Ra1+ Kc2 62. Ra2+ Kc1 63. Ra1+ Kb2 0-1

[Event "Le Bolduc II - B"]
[Site "Montreal CAN"]
[Date "2003.10.01"]
[Round "4"]
[White "Khaziyeva, Dinara"]
[Black "Lacroix, Serge"]
[Result "1/2-1/2"]
[WhiteElo "1946"]
[BlackElo "2057"]
[PlyCount "142"]
[EventDate "2003.09.22"]
[EventType "tourn"]
[EventRounds "11"]
[EventCountry "CAN"]

1. e4 e5 2. Nf3 Nc6 3. d4 exd4 4. Bc4 Nf6 5. O-O Nxe4 6. Re1 d5 7. Bxd5 Qxd5 8.
Nc3 Qa5 9. Nxe4 Be6 10. Neg5 O-O-O 11. Nxe6 fxe6 12. Rxe6 Bd6 13. Bg5 Rde8 14.
Qe2 Kd7 15. Rxe8 Rxe8 16. Qd3 g6 17. Bf6 Nb4 18. Qxd4 Nxc2 19. Qg4+ Qf5 20.
Qxf5+ gxf5 21. Rd1 Nb4 22. a3 Nc6 23. Kf1 Re6 24. Bc3 h6 25. h3 Ke8 26. Nh4 Ne7
27. Rd3 Kf7 28. b4 a6 29. Bd2 Re4 30. g3 Kg7 31. f4 Kf7 32. Kf2 Ke6 33. Kf3 Rc4
34. Bc3 a5 35. bxa5 Ra4 36. Re3+ Kf7 37. Be1 Nd5 38. Rb3 Ne7 39. Rxb7 Rxa3+ 40.
Ke2 Ke6 41. Nf3 Nc6 42. Rb2 Kd5 43. Nh4 Ke4 44. Kf2 Nd4 45. Rb8 Ra2+ 46. Kf1
Ra1 47. Ng2 Nf3 48. Re8+ Kd4 49. Kf2 Nxe1 50. Nxe1 Rxa5 51. Nf3+ Kd5 52. Nh4
Ra2+ 53. Kf3 Ra3+ 54. Re3 Rxe3+ 55. Kxe3 Ke6 56. g4 fxg4 57. hxg4 Kd5 58. Ng6
Bc5+ 59. Kd3 Bd6 60. Ke3 c5 61. g5 hxg5 62. fxg5 Kc4 63. Nf4 Kb3 64. Ne6 c4 65.
Ke4 Be7 66. g6 Bf6 67. g7 Bxg7 68. Nxg7 c3 69. Ne6 c2 70. Nd4+ Kb2 71. Nxc2
Kxc2 1/2-1/2

[Event "Le Bolduc II - B"]
[Site "Montreal CAN"]
[Date "2003.10.06"]
[Round "5"]
[White "Lacroix, Serge"]
[Black "Bachand-Fleurent, Julien"]
[Result "1/2-1/2"]
[WhiteElo "2057"]
[BlackElo "2140"]
[PlyCount "116"]
[EventDate "2003.09.22"]
[EventType "tourn"]
[EventRounds "11"]
[EventCountry "CAN"]

1. e4 e6 2. d4 d5 3. Nc3 Bb4 4. e5 c5 5. a3 Bxc3+ 6. bxc3 Ne7 7. Nf3 Qc7 8. Bd3
Bd7 9. O-O c4 10. Be2 Ba4 11. Bg5 Nbc6 12. Nh4 h6 13. Bxe7 Qxe7 14. g3 O-O-O
15. Qd2 g5 16. Ng2 f5 17. exf6 Qxf6 18. f4 Qg6 19. Rac1 Rdf8 20. fxg5 hxg5 21.
Ne3 Qe4 22. Rxf8+ Rxf8 23. Rf1 Rxf1+ 24. Bxf1 Ne7 25. Bg2 Qg6 26. Bh3 Nf5 27.
Nxf5 exf5 28. Qe2 g4 29. Bg2 Qd6 30. Qe5 Qxe5 31. dxe5 Bc6 32. h4 Kd7 33. h5
Ke6 34. h6 Kf7 35. e6+ Kg6 36. e7 Be8 37. Bxd5 b5 38. Be6 Kxh6 39. Bxf5 Kg5 40.
Bc8 Kf6 41. Bxg4 Kxe7 42. Kf2 Bg6 43. Bd1 Kd6 44. Ke3 Kc5 45. Kf4 Kb6 46. Ke5
Ka5 47. Kf6 Be4 48. g4 Ka4 49. g5 Kxa3 50. Bg4 Kb2 51. Bf5 Bxf5 52. Kxf5 a5 53.
g6 a4 54. g7 a3 55. g8=Q a2 56. Qd5 a1=Q 57. Qxb5+ Kxc2 58. Qxc4 Qxc3 1/2-1/2

[Event "Le Bolduc II - B"]
[Site "Montreal CAN"]
[Date "2003.10.08"]
[Round "6"]
[White "Corriveau, Philippe"]
[Black "Lacroix, Serge"]
[Result "0-1"]
[WhiteElo "2103"]
[BlackElo "2057"]
[PlyCount "42"]
[EventDate "2003.09.22"]
[EventType "tourn"]
[EventRounds "11"]
[EventCountry "CAN"]

1. e4 e5 2. f4 exf4 3. Bc4 d5 4. Bxd5 Qh4+ 5. Kf1 g5 6. Nc3 Bd6 7. d4 Ne7 8.
Bb3 Bg4 9. Qd3 Nbc6 10. Bd2 O-O-O 11. Nd5 Nxd5 12. exd5 Ne7 13. c4 Nf5 14. c5
Bf8 15. c6 Bd6 16. cxb7+ Kb8 17. Ba4 Rhe8 18. Bxe8 Rxe8 19. Re1 Rxe1+ 20. Bxe1
Qh6 21. h3 Ne3+ 0-1

[Event "Le Bolduc II - B"]
[Site "Montreal CAN"]
[Date "2003.10.13"]
[Round "7"]
[White "Lacroix, Serge"]
[Black "Charbonneau, Anne-Marie"]
[Result "1/2-1/2"]
[WhiteElo "2057"]
[BlackElo "2065"]
[PlyCount "100"]
[EventDate "2003.09.22"]
[EventType "tourn"]
[EventRounds "11"]
[EventCountry "CAN"]

1. e4 c5 2. Nf3 e6 3. d4 cxd4 4. Nxd4 Nf6 5. Nc3 d6 6. Bg5 Be7 7. f4 h6 8. Bxf6
Bxf6 9. Ndb5 Be7 10. Qd2 O-O 11. O-O-O e5 12. Nd5 Bg4 13. Nxe7+ Qxe7 14. Qxd6
Nc6 15. Qxe7 Nxe7 16. Rd2 exf4 17. h3 Be6 18. Nc7 Rad8 19. Nxe6 Rxd2 20. Kxd2
fxe6 21. Bc4 Rd8+ 22. Ke2 Kf7 23. Rf1 g5 24. h4 Rd4 25. Bd3 e5 26. g3 Ng6 27.
hxg5 hxg5 28. Rh1 fxg3 29. Rh7+ Kf6 30. Rxb7 Nf4+ 31. Ke3 Nxd3 32. cxd3 Rxd3+
33. Ke2 Rd2+ 34. Kf1 g2+ 35. Kg1 g4 36. Rxa7 Rxb2 37. a4 Kg5 38. Rf7 Kh4 39.
Rf2 Rb4 40. Ra2 Kh3 41. Ra3+ g3 42. Ra1 Rxe4 43. a5 Rf4 44. a6 Rf1+ 45. Rxf1
gxf1=Q+ 46. Kxf1 Kh2 47. a7 g2+ 48. Ke2 g1=Q 49. a8=Q Qg4+ 50. Qf3 Qxf3+
1/2-1/2

[Event "Le Bolduc II - B"]
[Site "Montreal CAN"]
[Date "2003.10.15"]
[Round "8"]
[White "Gagnon, Michel"]
[Black "Lacroix, Serge"]
[Result "1-0"]
[WhiteElo "2195"]
[BlackElo "2057"]
[PlyCount "123"]
[EventDate "2003.09.22"]
[EventType "tourn"]
[EventRounds "11"]
[EventCountry "CAN"]

1. d4 Nf6 2. Nf3 b6 3. e3 Bb7 4. Nbd2 e6 5. Bd3 d5 6. O-O Nbd7 7. b3 Ne4 8. c4
Be7 9. Bb2 O-O 10. Qe2 c5 11. Rad1 f5 12. Ne5 Nxe5 13. dxe5 Qc7 14. Nb1 Rad8
15. f3 Ng5 16. Nc3 a6 17. cxd5 exd5 18. f4 Ne4 19. Nxe4 fxe4 20. Bxa6 Bxa6 21.
Qxa6 c4 22. Bd4 Bc5 23. bxc4 Ra8 24. Qb5 Ra5 25. Qb1 Bxd4 26. Rxd4 dxc4 27.
Qxe4 c3 28. Rc4 Rc5 29. Rxc5 Qxc5 30. Qd4 Qxd4 31. exd4 Rd8 32. Rc1 Rxd4 33.
Rxc3 Rxf4 34. e6 Kf8 35. Rc8+ Ke7 36. Rc7+ Kxe6 37. Rxg7 Kd5 38. Rxh7 Ra4 39.
Rd7+ Ke4 40. Rd2 Kf4 41. Rb2 Ra5 42. g3+ Kg4 43. Kg2 Ra6 44. Rb4+ Kh5 45. a4
Kg5 46. h4+ Kh5 47. Kh3 Kg6 48. Kg4 Kh6 49. h5 Kg7 50. Kh4 Kf7 51. g4 Kf6 52.
g5+ Kf5 53. h6 Kg6 54. Rf4 Ra5 55. Rf6+ Kh7 56. Rxb6 Rxa4+ 57. Kh5 Ra5 58. Rb7+
Kh8 59. Rd7 Rb5 60. Kg6 Rb6+ 61. Kf7 Rb8 62. g6 1-0

[Event "Le Bolduc II - B"]
[Site "Montreal CAN"]
[Date "2003.10.20"]
[Round "9"]
[White "Lacroix, Serge"]
[Black "Tremblay, Alain"]
[Result "1-0"]
[WhiteElo "2057"]
[BlackElo "2005"]
[PlyCount "141"]
[EventDate "2003.09.22"]
[EventType "tourn"]
[EventRounds "11"]
[EventCountry "CAN"]

1. e4 e6 2. d4 d5 3. Nc3 Bb4 4. e5 Ne7 5. a3 Bxc3+ 6. bxc3 c5 7. Nf3 Qa5 8. Bd2
Nbc6 9. Bd3 c4 10. Be2 O-O 11. O-O f6 12. exf6 Rxf6 13. Bg5 Rf7 14. Qd2 Nf5 15.
Bf4 Qd8 16. Rfe1 h6 17. Ne5 Nxe5 18. Bxe5 Bd7 19. g3 b5 20. h4 a5 21. Bh5 Rf8
22. Bf4 Nxh4 23. Qe2 Nf5 24. Bg4 Qf6 25. Qe5 Qxe5 26. Bxe5 Ra7 27. Bh3 g6 28.
Bf4 Kh7 29. Bg4 Rfa8 30. Kg2 Ng7 31. Bd6 Re8 32. Bc5 Rb7 33. Re2 h5 34. Bh3 Kg8
35. Re5 Kf7 36. Rae1 Nf5 37. f3 Nh6 38. Bd6 Nf5 39. Bc5 Nh6 40. g4 hxg4 41.
fxg4 Kg7 42. Kg3 Nf7 43. R5e3 Ng5 44. Bg2 Bc6 45. Bd6 Ne4+ 46. Bxe4 dxe4 47. g5
Rf7 48. Be5+ Kg8 49. Bf6 Ref8 50. Kf4 Rxf6+ 51. gxf6 Rxf6+ 52. Ke5 Kf7 53. Kd6
Bd5 54. Kc5 Rf2 55. R1e2 Rf1 56. Kxb5 Ra1 57. a4 Kf6 58. Rf2+ Kg7 59. Kxa5 g5
60. Rg3 Kg6 61. Rfg2 e3 62. Rxg5+ Kf6 63. Kb5 Re1 64. Rg1 Rxg1 65. Rxg1 Kf5 66.
a5 Kf4 67. a6 Kf3 68. a7 Kf2 69. Rg5 Ba8 70. Re5 e2 71. Rxe6 1-0

[Event "Le Bolduc II - B"]
[Site "Montreal CAN"]
[Date "2003.10.22"]
[Round "10"]
[White "Trinh, Tri Bao"]
[Black "Lacroix, Serge"]
[Result "1/2-1/2"]
[WhiteElo "2064"]
[BlackElo "2057"]
[PlyCount "58"]
[EventDate "2003.09.22"]
[EventType "tourn"]
[EventRounds "11"]
[EventCountry "CAN"]

1. e4 e5 2. Nf3 Nc6 3. d4 exd4 4. Bc4 Nf6 5. O-O Nxe4 6. Re1 d5 7. Bxd5 Qxd5 8.
Nc3 Qa5 9. Nxe4 Be6 10. Bd2 Bb4 11. Nxd4 Nxd4 12. c3 Be7 13. cxd4 Qd5 14. Bc3
O-O-O 15. Qe2 Rhe8 16. h3 Bf5 17. Ng3 Bf6 18. Qxe8 Rxe8 19. Rxe8+ Kd7 20. Ree1
Bg6 21. Nf1 Qg5 22. Ne3 c6 23. Ng4 h5 24. Nxf6+ gxf6 25. Re3 Bf5 26. Rae1 Be6
27. b3 b5 28. Bb4 Qf5 29. R1e2 a6 1/2-1/2

[Event "Le Bolduc II - B"]
[Site "Montreal CAN"]
[Date "2003.10.27"]
[Round "11"]
[White "Lacroix, Serge"]
[Black "Boulay, David"]
[Result "1-0"]
[WhiteElo "2057"]
[BlackElo "2231"]
[PlyCount "46"]
[EventDate "2003.09.22"]
[EventType "tourn"]
[EventRounds "11"]
[EventCountry "CAN"]

1. e4 c5 2. Nf3 d6 3. d4 cxd4 4. Nxd4 Nf6 5. Nc3 a6 6. Bg5 e6 7. f4 Be7 8. Qf3
Qa5 9. O-O-O Bd7 10. g4 Nc6 11. Nb3 Qc7 12. Bg2 O-O 13. h4 Rac8 14. Kb1 b5 15.
Bxf6 Bxf6 16. g5 Be7 17. Rd2 b4 18. Ne2 a5 19. Ned4 a4 20. Nxc6 Qxc6 21. Nd4
Qc5 22. f5 e5 23. Ne2 f6 1-0

[Event "Robin Girard mem"]
[Site "Quebec CAN"]
[Date "2003.08.30"]
[Round "2"]
[White "Bourassa, Andre"]
[Black "Lacroix, Serge"]
[Result "1/2-1/2"]
[WhiteElo "1731"]
[BlackElo "2106"]
[PlyCount "79"]
[EventDate "2003.08.29"]
[EventType "swiss"]
[EventRounds "5"]
[EventCountry "CAN"]

1. d4 Nf6 2. c4 e6 3. Nc3 Bb4 4. Nf3 b6 5. a3 Bxc3+ 6. bxc3 O-O 7. Bg5 d6 8. e4
h6 9. Bh4 g5 10. Nxg5 hxg5 11. Bxg5 Nbd7 12. e5 dxe5 13. dxe5 Nxe5 14. Qxd8
Rxd8 15. Bxf6 Nd3+ 16. Bxd3 Rxd3 17. Ke2 Rd7 18. Rhd1 Kh7 19. Rxd7 Bxd7 20. Rd1
Ba4 21. Rd8 Rxd8 22. Bxd8 c6 23. Bc7 Kg6 24. Bb8 a6 25. Ba7 b5 26. cxb5 axb5
27. Bd4 Bb3 28. h4 Bd5 29. g4 Bc4+ 30. Ke3 f5 31. f3 Bb3 32. Kf4 Bd1 33. Be5
Be2 34. Bd6 fxg4 35. fxg4 Kf6 36. h5 Bd1 37. g5+ Kg7 38. h6+ Kg6 39. Be7 Bb3
40. Ke5 1/2-1/2

[Event "Robin Girard mem"]
[Site "Quebec CAN"]
[Date "2003.08.30"]
[Round "3"]
[White "Lacroix, Serge"]
[Black "Richard, Christian"]
[Result "1/2-1/2"]
[WhiteElo "2106"]
[BlackElo "1697"]
[PlyCount "86"]
[EventDate "2003.08.29"]
[EventType "swiss"]
[EventRounds "5"]
[EventCountry "CAN"]

1. e4 c5 2. Nf3 d6 3. d4 cxd4 4. Nxd4 Nf6 5. Nc3 a6 6. Bg5 e6 7. f4 Be7 8. Qf3
Qc7 9. O-O-O Nc6 10. g4 Nxd4 11. Rxd4 b5 12. Bxf6 Bxf6 13. Rd2 Bxc3 14. Qxc3
Qxc3 15. bxc3 Bb7 16. Bg2 Ke7 17. Rhd1 Rad8 18. e5 Bxg2 19. exd6+ Kd7 20. Rxg2
Rc8 21. f5 e5 22. Re2 Rc5 23. Kb2 Re8 24. Kb3 Rc4 25. h3 Rf4 26. Rd5 f6 27. Rg2
e4 28. g5 e3 29. gxf6 e2 30. Rxe2 gxf6 31. Re6 Rxf5 32. Rxe8 Rxd5 33. Re7+ Kxd6
34. Rxh7 f5 35. c4 bxc4+ 36. Kxc4 Rc5+ 37. Kd4 Rxc2 38. Rh6+ Ke7 39. Rxa6 Re2
40. a4 f4 41. Ra5 Ke6 42. Ra8 Ke7 43. Ra5 Ke6 1/2-1/2

[Event "Quebec op"]
[Site "Montreal CAN"]
[Date "2003.07.12"]
[Round "1"]
[White "Lacroix, Serge"]
[Black "Voskanyan, Vahagn"]
[Result "0-1"]
[WhiteElo "2108"]
[BlackElo "2281"]
[PlyCount "49"]
[EventDate "2003.07.12"]
[EventType "swiss"]
[EventRounds "9"]
[EventCountry "CAN"]

1. e4 c5 2. Nf3 d6 3. d4 cxd4 4. Nxd4 Nf6 5. Nc3 a6 6. Bg5 e6 7. f4 Be7 8. Qf3
Qc7 9. O-O-O Nc6 10. g4 Bd7 11. Bg2 Rc8 12. Rhe1 b5 13. Bxf6 gxf6 14. Nxc6 Bxc6
15. Qd3 b4 16. Ne2 Bb5 17. Qd2 Ba4 18. Nd4 a5 19. Bf1 Qb6 20. Nb3 Bd7 21. Qe3
Qc7 22. Rd2 Rg8 23. h3 e5 24. f5 a4 25. Na1 0-1

[Event "Quebec op"]
[Site "Montreal CAN"]
[Date "2003.07.13"]
[Round "2"]
[White "Lacroix, Serge"]
[Black "Gauthier, Denis"]
[Result "1-0"]
[WhiteElo "2108"]
[BlackElo "1998"]
[PlyCount "97"]
[EventDate "2003.07.12"]
[EventType "swiss"]
[EventRounds "9"]
[EventCountry "CAN"]

1. e4 c5 2. Nf3 e6 3. d4 cxd4 4. Nxd4 a6 5. c4 Nf6 6. Nc3 Bb4 7. Bd3 Nc6 8. Be3
Ne5 9. f4 Nxd3+ 10. Qxd3 d6 11. O-O O-O 12. Nc2 Bxc3 13. bxc3 Ng4 14. Rfd1 Nxe3
15. Nxe3 Qb6 16. Rab1 Qc5 17. Qd4 Qa5 18. Rb6 e5 19. Qxd6 exf4 20. Nd5 Bg4 21.
Rd2 f3 22. g3 Qa4 23. Ne3 Be6 24. Qb4 Bd7 25. Rxb7 Qxb4 26. Rxb4 Bc6 27. Nd5
Kh8 28. Rb6 Ba4 29. Rb4 Bc6 30. c5 g5 31. Rb6 Ba4 32. Rh6 Kg7 33. Rd6 Bb5 34.
Nc7 Ra7 35. Nd5 Rc8 36. Kf2 Rxc5 37. Kxf3 h6 38. Ke3 Ra8 39. Kd4 Rc4+ 40. Ke3
Re8 41. Rd4 Rc5 42. Kd2 f5 43. exf5 Re2+ 44. Kd1 Rxa2 45. Re4 Rc8 46. Re7+ Kg8
47. Rg6+ Kf8 48. Rxh6 Kg8 49. f6 1-0

[Event "Quebec op"]
[Site "Montreal CAN"]
[Date "2003.07.13"]
[Round "3"]
[White "Trahan, Daniel"]
[Black "Lacroix, Serge"]
[Result "0-1"]
[WhiteElo "1982"]
[BlackElo "2108"]
[PlyCount "62"]
[EventDate "2003.07.12"]
[EventType "swiss"]
[EventRounds "9"]
[EventCountry "CAN"]

1. d4 Nf6 2. c4 e6 3. Nf3 b6 4. a3 Bb7 5. Nc3 d5 6. cxd5 exd5 7. Bf4 Bd6 8. Bg3
O-O 9. e3 c5 10. dxc5 bxc5 11. Be2 Bxg3 12. hxg3 Nbd7 13. Rh4 Re8 14. Kf1 Nf8
15. b4 Ng6 16. Rh1 Ne4 17. Rc1 cxb4 18. axb4 Rc8 19. Qd4 Qb6 20. Qxb6 axb6 21.
Na2 Ra8 22. Rc2 Rec8 23. Rb2 d4 24. exd4 Bd5 25. Bd3 Rxa2 26. Rxa2 Bxa2 27.
Bxe4 Rc1+ 28. Ke2 Rxh1 29. d5 Bc4+ 30. Ke3 Rd1 31. Nd2 Bb5 0-1

[Event "Quebec op"]
[Site "Montreal CAN"]
[Date "2003.07.14"]
[Round "4"]
[White "Robichaud, Louis"]
[Black "Lacroix, Serge"]
[Result "0-1"]
[WhiteElo "2011"]
[BlackElo "2108"]
[PlyCount "90"]
[EventDate "2003.07.12"]
[EventType "swiss"]
[EventRounds "9"]
[EventCountry "CAN"]

1. e4 e5 2. Nf3 Nc6 3. Bb5 a6 4. Ba4 Nf6 5. O-O Be7 6. Re1 b5 7. Bb3 d6 8. c3
O-O 9. h3 Nd7 10. d3 Nb6 11. Nbd2 Bf6 12. Nf1 Re8 13. Be3 Be6 14. Bxb6 cxb6 15.
Ne3 Ne7 16. Bxe6 fxe6 17. d4 exd4 18. Nxd4 Bxd4 19. Qxd4 Qc7 20. Rad1 Rad8 21.
c4 Nc6 22. Qd2 b4 23. f4 g6 24. f5 a5 25. fxg6 hxg6 26. Ng4 Qg7 27. Rf1 Rf8 28.
Rxf8+ Kxf8 29. Qf2+ Ke8 30. Qxb6 Qa7 31. Qxa7 Nxa7 32. Kf2 Ke7 33. Ke3 Rc8 34.
b3 Nc6 35. Kf4 a4 36. Kg5 axb3 37. axb3 Ra8 38. Kxg6 Ra3 39. Rd3 Na5 40. h4
Nxb3 41. Rf3 Nc5 42. Rf7+ Kd8 43. h5 Rg3 44. Kg5 Nd7 45. h6 Rxg4+ 0-1

[Event "Quebec op"]
[Site "Montreal CAN"]
[Date "2003.07.15"]
[Round "5"]
[White "Lacroix, Serge"]
[Black "Legky, Nikolay"]
[Result "0-1"]
[WhiteElo "2108"]
[BlackElo "2465"]
[PlyCount "36"]
[EventDate "2003.07.12"]
[EventType "swiss"]
[EventRounds "9"]
[EventCountry "CAN"]

1. e4 e6 2. Nf3 d5 3. exd5 exd5 4. d4 Nf6 5. Nc3 Bd6 6. Bg5 c6 7. Bd3 O-O 8.
O-O Nbd7 9. Qd2 Qc7 10. Rfe1 a6 11. Re2 b6 12. Rae1 Bb7 13. Ne5 c5 14. Nxd7
Nxd7 15. dxc5 bxc5 16. g3 Ne5 17. Kg2 d4+ 18. Ne4 f5 0-1

[Event "Quebec op"]
[Site "Montreal CAN"]
[Date "2003.07.16"]
[Round "6"]
[White "Neacsu, Catalin"]
[Black "Lacroix, Serge"]
[Result "1/2-1/2"]
[WhiteElo "1873"]
[BlackElo "2108"]
[PlyCount "86"]
[EventDate "2003.07.12"]
[EventType "swiss"]
[EventRounds "9"]
[EventCountry "CAN"]

1. e4 e5 2. Nf3 Nc6 3. d4 exd4 4. Nxd4 Nf6 5. Nxc6 bxc6 6. e5 Qe7 7. Qe2 Nd5 8.
c4 Nb6 9. Nd2 d6 10. exd6 cxd6 11. b3 Qxe2+ 12. Bxe2 Be7 13. Bb2 O-O 14. O-O
Bf5 15. Bf3 d5 16. cxd5 cxd5 17. Rfd1 Rac8 18. Rac1 Bc2 19. Bd4 Bxd1 20. Rxd1
Rc2 21. a4 Bb4 22. Nf1 Rfc8 23. Ne3 Rc1 24. Kf1 Rxd1+ 25. Nxd1 Rc1 26. Ke2 Bc5
27. Bb2 Rc2+ 28. Kd3 Rxb2 29. Nxb2 a5 30. Nd1 Kf8 31. Ne3 Bxe3 32. fxe3 Ke7 33.
Kd4 Kd6 34. g4 h6 35. h4 f6 36. h5 Kc6 37. e4 dxe4 38. Bxe4+ Kd6 39. Bf3 Nd7
40. Be2 Ne5 41. Bd1 Kc6 42. Be2 Kd6 43. Bd1 Kc6 1/2-1/2

[Event "Quebec op"]
[Site "Montreal CAN"]
[Date "2003.07.17"]
[Round "7"]
[White "Lacroix, Serge"]
[Black "Mikanovic, Goran"]
[Result "0-1"]
[WhiteElo "2108"]
[BlackElo "2298"]
[PlyCount "104"]
[EventDate "2003.07.12"]
[EventType "swiss"]
[EventRounds "9"]
[EventCountry "CAN"]

1. e4 c5 2. Nf3 e6 3. d4 cxd4 4. Nxd4 Nc6 5. Nb5 d6 6. c4 Nf6 7. N1c3 a6 8. Na3
Be7 9. Be2 O-O 10. O-O Qc7 11. f4 b6 12. Bf3 Bb7 13. Be3 Rac8 14. Rc1 Nb8 15.
g4 Rfe8 16. g5 Nfd7 17. Ne2 Bf8 18. Ng3 g6 19. Qd2 Qd8 20. Qf2 Nc5 21. Rfd1 Nc6
22. Nc2 Qc7 23. Rd2 b5 24. Nd4 Nxd4 25. Bxd4 e5 26. fxe5 dxe5 27. Be3 b4 28. b3
a5 29. Kg2 a4 30. bxa4 Nxa4 31. Bg4 Rcd8 32. Rcd1 Rxd2 33. Rxd2 Qxc4 34. Bd7
Ra8 35. Bxa4 Rxa4 36. Kf3 Ra3 37. Rc2 Qe6 38. Kg2 Ba6 39. Qd2 Rd3 40. Qc1 Ra3
41. Qd2 Bd3 42. Rb2 Qc4 43. Kf3 Be7 44. h4 Bc5 45. Bxc5 Bxe4+ 46. Kf2 Qxc5+ 47.
Ke1 Rxg3 48. Qd8+ Qf8 49. Qf6 Rg1+ 50. Kd2 Rg2+ 51. Kc1 Qc5+ 52. Kd1 Qg1+ 0-1